|
|
|
|
| LEADER |
00692cam a2200193 a 4500 |
| 005 |
20151102111417.0 |
| 008 |
060407s2006 enka b 001 0 eng |
| 020 |
|
|
|a 9780521674935
|
| 082 |
0 |
4 |
|a 401.9 CHO
|
| 100 |
1 |
|
|a Chomsky, Noam
|
| 245 |
1 |
0 |
|a Language and mind /
|c Noam Chomsky.
|
| 250 |
|
|
|a 3rd ed.
|
| 260 |
|
|
|a Cambridge ;
|a New York :
|b Cambridge University Press,
|c 2006.
|
| 300 |
|
|
|a 190p.
|
| 650 |
|
0 |
|a Psycholinguistics
|
| 650 |
|
0 |
|a Thought and thinking
|
| 942 |
|
|
|2 ddc
|c BK
|
| 999 |
|
|
|c 12891
|d 12891
|
| 952 |
|
|
|0 0
|1 0
|2 ddc
|4 0
|6 401_900000000000000_CHO
|7 0
|9 18374
|a MAIN
|b MAIN
|d 2015-11-02
|e Modern Book Centre, Thiruvananthapuram
|g 2473.00
|l 2
|o 401.9 CHO
|p 18833
|r 2019-01-22
|s 2018-12-21
|t 1
|w 2015-11-02
|y BK
|